Vista normal
Vista MARC
Entrada Personal Name
Número de registros utilizados en: 1
001 - CONTROL NUMBER
- control field: 65052
003 - CONTROL NUMBER IDENTIFIER
- control field: OSt
005 - DATE AND TIME OF LATEST TRANSACTION
- control field: 20250919195206.0
008 - FIXED-LENGTH DATA ELEMENTS
- fixed length control field: 250919|| aca||aabn | a|a d
040 ## - CATALOGING SOURCE
- Original cataloging agency: OSt
- Transcribing agency: OSt
100 ## - HEADING--PERSONAL NAME
- Personal name: Barajas, Rafael
670 ## - SOURCE DATA FOUND
- Source citation: Work cat.: (OSt)59223: Fienberg, Anna 65050, Vico y Boa /